Štvrtinu života presedíme v laviciach napriek nedostatku financií patríme medzi najvzdelanejšie národy

Bibliographic Details
Main Author: Bujnovská, Daniela (Author)
Format: Article
Language:Slovak
PhysicalDescription:Tab.
ISSN:1335-4701
Subjects:

MARC

LEADER 00000nab a2200000 a 4500
001 vtls000833908
003 SK-MaSNL
005 20260302163312.0
008 140301c2003 xo 0 slo
015 |a SNBRB2003/04-13351 
035 |a CLN000185563 
040 |a SNKBUCL  |b slo  |c SNKBUCL  |e AACR2 
041 0 |a slo 
044 |a xo  |c SK 
080 |a 37:339.92:061.1(100)  |2 1997 
100 1 |a Bujnovská, Daniela  |4 aut  |9 11349 
245 1 0 |a Štvrtinu života presedíme v laviciach  |b napriek nedostatku financií patríme medzi najvzdelanejšie národy  |c Daniela Bujnovská 
300 |b Tab. 
610 7 |a Organizácia pre hospodársku spoluprácu a rozvoj  |x vzdelávanie  |2 snkbucl  |9 864421 
650 0 7 |a školstvo  |x Organizácia pre hospodársku spoluprácu a rozvoj  |2 snkbucl  |9 864422 
655 7 |a články z novín a časopisov  |2 snkbucl  |9 267496 
773 0 |t Hospodárske noviny  |g Roč. 11, č. 30 (13.2.2003)  |x 1335-4701 
773 0 |t [Príl.] Podniky a trhy  |g Č. 30 (13.2.2003), s. 17  |x 1335-4701 
850 |a Slovenská národná knižnica v Martine 
852 |a SNK  |b KIS3GCP 
992 |a RBX 
999 |c 1382913  |d 1384843